| 000 | 00564nam a2200145 4500 | ||
|---|---|---|---|
| 999 |
_c15856 _d15856 |
||
| 008 | 201217b ||||| |||| 00| 0 eng d | ||
| 022 | _a0732-8435 | ||
| 082 | _aDPer 657.05 C33 Sept - Mar 2015, v. 85 - 86 | ||
| 100 |
_aSlavutin, Lee. _942692 |
||
| 245 |
_aA financial planner's guide to life insurance strategies: _ban eight-step life insurance checkup/ _cLee Slavutin. |
||
| 260 |
_aNew York: _bThe New York State Society of CPA, _c©2015. |
||
| 300 |
_av85 n9, pages 20-25: _billustrations; _c28 cm. |
||
| 650 |
_aFinance _xInsurance. _942693 |
||
| 942 |
_2ddc _cPER |
||